000 00983cam a2200277 4500
001 WB3610-02
008 000000n2000 000 0 eng u
035 _a(Sirsi) u104644
245 _aRight to roam code of conduct
260 _c2000
490 _aIndependent
_v 4 March 2000, 4
490 _aDETR News Release
_v(151) 3 March 2000
490 _aCountryside Agency Press Release
_v3 March 2000, (8)
520 _aThere will be a code of behaviour to be observed by ramblers and walkers availing themselves of the 'right to roam' or they will be treated as trespassers. The bill will also increase protection for wildlife.
590 _aWB
650 _aRAMBLERS ASSOCIATION
650 _aRAMBLING
650 _aRIGHT TO ROAM
650 _aCOUNTRYSIDE AND RIGHTS OF WAY BILL
650 _aWILDLIFE
650 _aCLA
650 _aSITES OF SPECIAL SCIENTIFIC INTEREST
650 _aACCESS TO THE COUNTRYSIDE
690 _aBoundary disputes
_96221
942 _n0
999 _c62785
_d62785